Normal view
MARC view
Entry Personal Name
001 - CONTROL NUMBER
- control field: 74319
003 - CONTROL NUMBER IDENTIFIER
- control field: dpl
005 - DATE AND TIME OF LATEST TRANSACTION
- control field: 20241129110624.0
008 - FIXED-LENGTH DATA ELEMENTS
- fixed length control field: 241129|| aca||aabn | a|a d
040 ## - CATALOGING SOURCE
- Original cataloging agency: dpl
- Transcribing agency: dpl
100 ## - HEADING--PERSONAL NAME
- Personal name: Martin, H
670 ## - SOURCE DATA FOUND
- Source citation: Work cat.: (dpl)207190: Wren, P.C. 74318, S. Chand's Modern English Grammar & Composition;, 2025
